|
|
|
|
| LEADER |
03655cam a2200841 i 4500 |
| 001 |
nkc20203255328 |
| 003 |
CZ PrNK |
| 005 |
20241023114709.0 |
| 007 |
ta |
| 008 |
200925s2020 xr a e 000 jacze d |
| 015 |
|
|
|a cnb003255328
|
| 020 |
|
|
|a 978-80-265-0956-1
|q (soubor 2020) :
|c Kč 1190,00
|
| 020 |
|
|
|a 978-80-265-1111-3
|q (soubor 2022) :
|c Kč 1490,00
|
| 020 |
|
|
|a 978-80-265-0941-7
|q (vázáno) :
|c Kč 329,00
|
| 035 |
|
|
|a (OCoLC)1226361294
|
| 040 |
|
|
|a ULG001
|b cze
|d OLA001
|d ABA001
|e rda
|
| 043 |
|
|
|a e-xr---
|a a-ai---
|a a-gs---
|a a-aj---
|
| 045 |
|
|
|a y1y1
|
| 072 |
|
7 |
|a 913(4)
|x Geografie Evropy, reálie, cestování
|2 Konspekt
|9 7
|
| 072 |
|
7 |
|a 929
|x Biografie
|2 Konspekt
|9 8
|
| 080 |
|
|
|a 910.4-051
|2 MRF
|
| 080 |
|
|
|a 913:910.4
|2 MRF
|
| 080 |
|
|
|a 929
|2 MRF
|
| 080 |
|
|
|a 913(479.25)
|2 MRF
|
| 080 |
|
|
|a 913(479.22)
|2 MRF
|
| 080 |
|
|
|a 913(479.243)
|2 MRF
|
| 080 |
|
|
|a (437.3)
|2 MRF
|
| 080 |
|
|
|a (479.25)
|2 MRF
|
| 080 |
|
|
|a (479.22)
|2 MRF
|
| 080 |
|
|
|a (479.243)
|2 MRF
|
| 080 |
|
|
|a (0:82-992)
|2 MRF
|
| 080 |
|
|
|a (0:82-322.6)
|2 MRF
|
| 100 |
1 |
|
|a Zibura, Ladislav,
|d 1992-
|7 ola2015893402
|4 aut
|
| 245 |
1 |
0 |
|a Už nikdy pěšky po Arménii a Gruzii /
|c Ladislav Zibura
|
| 250 |
|
|
|a 2. vydání
|
| 264 |
|
1 |
|a Brno :
|b BizBooks,
|c 2020
|
| 300 |
|
|
|a 286 stran :
|b barevné ilustrace ;
|c 21 cm
|
| 336 |
|
|
|a text
|b txt
|2 rdacontent
|
| 337 |
|
|
|a bez média
|b n
|2 rdamedia
|
| 338 |
|
|
|a svazek
|b nc
|2 rdacarrier
|
| 500 |
|
|
|a Dotisk v roce 2021
|
| 500 |
|
|
|a Část nákladu distribuována v roce 2020 ve čtyřsvazkovém souboru ve společném kartonovém pouzdru se souborným názvem: Všechny krásy světa; příloha k souboru: puzzle Stará mapa světa; ISBN souboru pouze na krabici
|
| 500 |
|
|
|a Část nákladu distribuována v roce 2022 ve čtyřsvazkovém souboru ve společném kartonovém pouzdru se souborným názvem: Všechny krásy světa; ISBN souboru pouze na krabici
|
| 600 |
1 |
7 |
|a Zibura, Ladislav,
|d 1992-
|7 ola2015893402
|2 czenas
|
| 648 |
|
7 |
|a 2011-2020
|7 ch460589
|2 czenas
|
| 648 |
|
7 |
|a 20.-21. století
|7 ch462155
|2 czenas
|
| 650 |
0 |
7 |
|a cestovatelé
|7 ph119109
|z Česko
|y 20.-21. století
|2 czenas
|
| 650 |
0 |
7 |
|a cesty a pobyt
|7 ph137578
|z Arménie
|y 2011-2020
|2 czenas
|
| 650 |
0 |
7 |
|a cesty a pobyt
|7 ph137578
|z Gruzie
|y 2011-2020
|2 czenas
|
| 650 |
0 |
7 |
|a cesty a pobyt
|7 ph137578
|z Ázerbájdžán
|y 2011-2020
|2 czenas
|
| 650 |
0 |
9 |
|a travellers
|z Czechia
|y 20th-21st centuries
|2 eczenas
|
| 650 |
0 |
9 |
|a travels and stays
|z Armenia
|y 2011-2020
|2 eczenas
|
| 650 |
0 |
9 |
|a travels and stays
|z Georgia (Republic)
|y 2011-2020
|2 eczenas
|
| 650 |
0 |
9 |
|a travels and stays
|z Azerbaijan
|y 2011-2020
|2 eczenas
|
| 651 |
|
7 |
|a Arménie
|7 ge128679
|x reálie
|2 czenas
|
| 651 |
|
7 |
|a Gruzie
|7 ge129207
|x reálie
|2 czenas
|
| 651 |
|
7 |
|a Náhorní Karabach (Ázerbájdžán)
|7 ge130264
|x reálie
|2 czenas
|
| 651 |
|
9 |
|a Armenia
|x description and travel
|2 eczenas
|
| 651 |
|
9 |
|a Georgia (Republic)
|x description and travel
|2 eczenas
|
| 651 |
|
9 |
|a Nagorno-Karabakh (Azerbaijan)
|x description and travel
|2 eczenas
|
| 655 |
|
7 |
|a cestopisy
|7 fd131956
|2 czenas
|
| 655 |
|
7 |
|a autobiografické příběhy
|7 fd131891
|2 czenas
|
| 655 |
|
9 |
|a books of travels
|2 eczenas
|
| 655 |
|
9 |
|a autobiographical stories
|2 eczenas
|
| 740 |
0 |
2 |
|a Všechny krásy světa
|
| 740 |
0 |
2 |
|a Stará mapa světa - puzzle
|
| 910 |
2 |
|
|a BOA001
|b 2-1455.186
|
| 920 |
|
|
|a 016020003726345
|z ULG001
|
| 928 |
9 |
|
|a Albatros Media - BizBooks
|
| 990 |
|
|
|a BK
|
| 995 |
|
|
|a 01
|
| 996 |
6 |
|
|b 2610843804
|c 2-1455.186
|l MZK
|r Sklad / do 1 hodiny
|n 1
|p p.v.
|w 001833610
|u 000010
|a 1
|e BOA001
|j MZK50
|s P
|
| 996 |
7 |
|
|b 2610931379
|c 2-1455.186
|l MZK
|r Sklad / do 1 hodiny
|n 8
|p dar
|w 001833610
|u 000020
|a 1
|e BOA001
|j MZK50
|s A
|